E-mail noviny pro mezinárodní účetnictví. Vydání dvou nových standardů pro účetnictví ve veřejném sektoru

Salvato in:
Dettagli Bibliografici
Autore principale: Tumpach, Miloš, 1970-
Natura: Capitolo di libro
Lingua:ceco
Tags: Aggiungi Tag
Nessun Tag, puoi essere il primo ad aggiungerne!!

MARC

LEADER 00000nla$a2200000$$$4500
001 0054658
005 20240502083137.3
041 0 |a cze 
044 |a CZ 
245 1 0 |a E-mail noviny pro mezinárodní účetnictví. Vydání dvou nových standardů pro účetnictví ve veřejném sektoru  |c Miloš Tumpach 
100 1 |a Tumpach, Miloš, 1970-